00641nam a2200193 a 4500008004100000020001500041050001400056100002700070245002800097260004900125300002400174350000900198500001700207650004200224650004300266650003900309710005400348710004500402120416s1992 ||||||||||||||||| || u a0521413753 aQD 51 Che aBach, P. H. (Peter H.)10aChemical safety matters aCambridge:bCambridge University Pressc1992 axviii, 284p. : ill. a0.00 aBibliography aCHEMICAL LABORATORIES--WASTE DISPOSAL aCHEMICAL LABORATORIES--SAFETY MEASURES 0aCHEMISTRY--HANDBOOKS, MANUALS, ETC aInternational Union of Pure and Applied Chemistry aInternational Program on Chemical Safety